Village industries and agriculture in changing agrarian situation (Record no. 477057)

000 -LEADER
fixed length control field 00481cam a22001457a 4500
008 - FIXED-LENGTH DATA ELEMENTS--GENERAL INFORMATION
fixed length control field 180718b1985 xxu||||| |||| 00| 0 eng d
082 ## - DEWEY DECIMAL CLASSIFICATION NUMBER
Classification number T1296x5421 M687
100 ## - MAIN ENTRY--PERSONAL NAME
Personal name Mishra, G.P.
245 ## - TITLE STATEMENT
Title Village industries and agriculture in changing agrarian situation
Statement of responsibility, etc. by G.P. Mishra, Ravi P. Rai and Brijesh K. Bajpal
260 ## - PUBLICATION, DISTRIBUTION, ETC.
Place of publication, distribution, etc. Delhi
Name of publisher, distributor, etc. Ashish
Date of publication, distribution, etc. 1985
300 ## - PHYSICAL DESCRIPTION
Extent 120p.
650 ## - SUBJECT ADDED ENTRY--TOPICAL TERM
Topical term or geographic name entry element Industry, Rural - India - Uttar Pradesh
700 ## - ADDED ENTRY--PERSONAL NAME
Personal name Bajpal, Brijesh K.
700 ## - ADDED ENTRY--PERSONAL NAME
Personal name Rai, Ravi P.
Holdings
Withdrawn status Lost status Damaged status Not for loan Permanent Location Current Location Date acquired Full call number Barcode Date last seen Price effective from Koha item type Source of classification or shelving scheme
        Indian Institute of Public Administration Indian Institute of Public Administration 2018-08-04 T1296x5421 M687 GR14554 2018-08-04 2018-08-04 GR  
        Indian Institute of Public Administration Indian Institute of Public Administration 2021-04-09 TNC T1296x5421 M687 GR23626 2021-04-09 2021-04-09 GR  

Powered by Koha